লোডিং...

Problems of economic development of India/4e

গ্রন্থ-পঞ্জীর বিবরন
প্রধান লেখক: Lakhani, H.G
বিন্যাস: Printed Book
ভাষা:English
প্রকাশিত: Bombay New literature 1969
সংস্করন:4th ed.
বিষয়গুলি:
LEADER 00565nam a22001697a 4500
005 20151215125217.0
008 091112t xxu||||| |||| 00| 0 eng d
082 |a 338.954  |b LAK 
100 |a Lakhani, H.G.  |9 8745 
245 |a Problems of economic development of India/4e 
250 |a 4th ed. 
300 |a xvi, 592p 
653 |a Economic development of India 
942 |c BK  |6 _ 
260 |a Bombay  |b New literature  |c 1969 
999 |c 99450  |d 99450 
952 |0 0  |1 0  |2 ddc  |4 0  |6 338954_LAK  |7 0  |9 125341  |a SMS  |b SMS  |c GEN  |d 2009-11-12  |g 14.50  |o 338.954 LAK  |p SMS007741  |r 2009-11-12  |w 2009-11-12  |y BK